[Event "Groningen op"]
[Site "Groningen"]
[Date "1990.??.??"]
[Round "1"]
[White "Rotstein, Arkadij"]
[Black "Psakhis, Lev"]
[Result "1/2-1/2"]
[WhiteElo "2365"]
[BlackElo "2575"]
[Annotator "Ribli,Z"]
[PlyCount "58"]
[EventDate "1990.??.??"]
[EventType "swiss"]
[EventRounds "9"]
[EventCountry "NED"]
[SourceTitle "CBM 022"]
[Source "ChessBase"]
[SourceDate "1991.06.01"]
[SourceVersion "1"]
[SourceVersionDate "1991.06.01"]
[SourceQuality "1"]

1. c4 e5 2. g3 Nf6 3. Bg2 d5 4. cxd5 Nxd5 5. Nc3 Nb6 6. Nf3 Nc6 7. O-O Be7 8.
a3 O-O 9. b4 Be6 10. Rb1 f6 11. d3 Nd4 12. Nd2 (12. Bb2 c6 13. Nxd4 exd4 14.
Ne4 Qd7 {Simic,R-Dueckstein,A Wien op 1990 CBM/21}) 12... c6 (12... Nd5 13. Bb2
Nxc3 14. Bxc3 c6 15. Bxd4 Qxd4 16. Nb3 {Azmayparashvili,Z-Aseev,K Lvov zt 1990
CBM/18}) 13. Nde4 Rf7 14. e3 (14. Bb2 Nd5 15. e3 Nxc3 16. Bxc3 Nb5 17. Bb2 Bf8
{Hjartarson,J-Bareev,E Novi Sad ol 1990 50/33}) 14... Nb5 15. Nxb5 cxb5 16. Bb2
Bd5 17. Bh3 Na4 18. Ba1 Bf8 19. Rc1 Qb6 20. Qc2 Re8 21. Rfd1 Be6 22. Bxe6 Qxe6
23. d4 exd4 24. Rxd4 Nb6 25. Qe2 a6 26. Nd2 Rc8 27. Rxc8 Qxc8 28. Qd1 Qe6 29.
Qc2 Nd7 1/2-1/2

[Event "VAM Hoogeveen 3rd"]
[Site "Hoogeveen"]
[Date "1999.10.23"]
[Round "6"]
[White "Timman, Jan H"]
[Black "Sadvakasov, Darmen"]
[Result "0-1"]
[WhiteElo "2650"]
[BlackElo "2468"]
[Annotator "Ribli,Z"]
[PlyCount "84"]
[EventDate "1999.10.15"]
[EventType "tourn"]
[EventRounds "6"]
[EventCountry "NED"]
[EventCategory "15"]
[SourceTitle "CBM 074"]
[Source "ChessBase"]
[SourceDate "2000.02.01"]
[SourceVersion "1"]
[SourceVersionDate "2000.02.01"]
[SourceQuality "1"]

{[%mdl 10240]} 1. c4 {Ftacnik} e5 2. Nc3 Nf6 3. Nf3 Nc6 4. g3 Bc5 {[%cal Gc5g1]
Dieser Zug ist keineswegs schlechter als die häufiger gespielten Alternativen
4...d5 oder 4...Bb4. Der Läufer möchte die wichtigen Punkte auf der
a7-g1-Diagonale kontrollieren.} 5. Bg2 d6 6. O-O a6 {Schwarz macht ein
Schlupfloch für den Läufer auf a7.} 7. e3 O-O 8. d4 Ba7 {[%cal Ga7g1] Der
schwarze Läufer kontrolliert das Feld-d4 und im Falle von eventuellem d4-d5
wird der a7-Läufer noch stärker.} 9. h3 {Auf diese Weise verhindert Weiss den
eventuellen Läuferzug Bg4, wonach der d4-Punkt schwach würde.} (9. dxe5 dxe5
10. Qe2 Qe7 $11) 9... h6 10. b3 Re8 (10... exd4) 11. Ba3 $6 {Dieser Läuferzug
scheint mir nicht logisch, da der Läufer nicht besonders gut auf der
a3-f8-Diagonale steht. Es ist anzumerken, dass mit einem eventuellen Remis
Weiss das Turnier allein gewinnen konnte. Nach der Partiefortsetzung bekommen
wir eine originelle Stellung mit beiderseitigen Möglichkeiten.} (11. d5 Ne7 12.
e4 b5 $13 {[%cal Ga7g1]}) (11. dxe5 $11) 11... exd4 12. Nxd4 (12. exd4 {Ftacnik
} d5 13. c5 Bf5 $15) 12... Nxd4 13. exd4 {[%cal Ge8e1]} Rb8 $11 {[%cal Gb7b5]
Ftacnik: 'White controls the center, but black has no weaknesses and his
pieces are ready to strike back.'  Die Diagonale des a7-Läufers ist noch
geschlossen, aber Schwarz hat keine besonderen Eröffnungsprobleme. Weiss hat
etwas Raumvorteil, aber die Bauernstellung ist symmetrisch. Mit dem Partiezug
bereitet Schwarz Gegenspiel mit b7-b5 vor.} (13... Bf5 $5 {Ftacnik} 14. Qd2 (
14. Bxb7 Bxh3 15. Bxa8 Qxa8 16. d5 Bxf1 17. Qxf1 Ng4 $17) 14... Qd7 15. g4 Ne4
16. Nxe4 Bxe4 17. d5 $11) 14. Qd3 Bd7 {Schwarz hat die Entwicklung beendet und
Weiss kann b7-b5 nicht verhindern.} 15. Rfe1 b5 {[%cal Rb5b4,Rb4a3,Rb4c3]} 16.
Bb2 (16. cxb5 {Ftacnik} axb5 17. b4 c6 18. Bb2 Qb6 19. Ne2 Be6 $15) 16... b4 (
16... bxc4 17. Qxc4 c6 $5 (17... c6 $5 {Ftacnik} 18. Bxc6 Rxe1+ 19. Rxe1 Bxh3
20. Ne4 $11)) 17. Ne2 c6 {Schwarz möchte d6-d5 ziehen und gleichzeitig
verhindert er das Manöver d4-d5- Nd4.} 18. a4 a5 (18... bxa3 $6 19. Rxa3 $14 {
[%csl Ra6][%cal Ra3a6]} (19. Bxa3 {Ftacnik} Qc7 20. Nf4 $14)) 19. Nf4 {'?'
Ftacnik.} (19. d5 $5 {Ftacnik} cxd5 20. cxd5 Rc8 21. Nd4 Qb6 $11) 19... g5 {
'!' Ftacnik. Mit diesem Zug schwächt Schwarz den Königsflügel, aber es ist
nicht leicht für Weiss diese Schwächung auszunutzen.} (19... Qc7) 20. Ne2 $6 {
Ftacnik: 'Sad moment for Timman, as he has decided that jumping with the
knight to g6 was a bit too much. On the other hand he has lost two tempos and
black takes over the initaitive.'} (20. d5 $5 gxf4 (20... c5 {[%csl Ra7]} 21.
Rxe8+ (21. Ne6 $5) 21... Nxe8 22. Nh5 Qe7 23. g4 {[%csl Rg8] Weiss kann dann
mit Be4, Rf1, Pf4 fortsetzen - mit starkem Angriff.}) (20... Rxe1+ 21. Rxe1 c5
(21... cxd5 22. Nxd5 Nxd5 23. Bxd5 $18 {[%csl Gb2,Gd5,Rg8][%cal Rd3g6,Rg6g8]})
22. Ng6 $1 Kg7 (22... fxg6 23. Qxg6+ $18) 23. Ne7 $18 {[%csl Rf6,Rg7][%cal
Rb2g7]}) 21. dxc6 $44) (20. Ng6 $5 {Ftacnik} Rc8 $1 (20... fxg6 21. Qxg6+ Kf8
22. Qxh6+ Kf7 23. Qxg5 $36) (20... Kg7 21. Ne5 dxe5 22. dxe5 Ng4 23. e6+ f6 24.
hxg4 Rxe6 25. Rad1 Qe7 26. Bxf6+ Kxf6 27. Qf5+ Kg7 28. Rxd7 Rxe1+ 29. Kh2 Rf8
30. Rxe7+ Rxe7 31. Qxa5 Rxf2 $132) (20... Ng4 21. hxg4 Qf6 22. Be4 fxg6 23.
Bxg6 Rxe1+ 24. Rxe1 Bxg4 25. Bh7+ Kh8 26. Qg6 $16) 21. Rac1 Rc7 $1 $15) 20...
d5 {'!' Ftacnik. Ftacnik: 'xBb2' Auf diese Weise kann Schwarz die Bewegung des
b2B und des g2B beschränken.} 21. h4 $6 (21. c5 $11) (21. cxd5 Nxd5 22. Rac1
$11) (21. Rac1 {Ftacnik} Ne4 22. cxd5 cxd5 23. f3 Nd6 24. f4 Ne4 $15) 21... Ne4
{[%csl Ge4]} 22. hxg5 hxg5 23. g4 $6 (23. f3 dxc4 (23... Nd6 $15 {Ftacnik}) 24.
Qxc4 Nd6 $15) 23... Qf6 {[%csl Rf2][%cal Rf6f2]} 24. Rf1 $2 {Ein grosser
Fehler, der den alleinigen Turniergewinn für Weiss kostet.} (24. f3 {Ftacnik}
Nc3 (24... dxc4 25. bxc4 (25. Qxc4 Nc3 $17) 25... Nc5 26. Qc2 Ne6 27. c5 $15)
25. c5 Rxe2 26. Rxe2 Qxd4+ $1 27. Qxd4 Nxe2+ 28. Kf2 Nxd4 29. Bxd4 f6 30. Rh1
Kg7 $17) 24... Bxg4 $1 25. f3 {[%cal Rf3e4,Rf3g4]} Nc5 $17 {[%csl Rd3][%cal
Gf6b2] '!' Ftacnik. Ftacnik: 'Excellent shot, suddenly white pieces occupy
wrong squares and black is in full control.'} 26. Qd1 (26. dxc5 Qxb2 $19) 26...
Bf5 {[%cal Gc5d3,Gd3b2] Schwarz hat einen Bauern mehr und die viel bessere
Figurenstellung.} 27. Ra2 Nxb3 28. c5 (28. Qxb3 Rxe2 $19) 28... Qg6 {[%cal
Gf5c2,Gc2d1]} 29. f4 {Mit zwei Bauern weniger versucht Weiss im Trüben zu
fischen.} Bc2 30. f5 (30. Qe1 Qd3 $19) 30... Bxd1 31. fxg6 Rxe2 32. gxf7+ Kf8
33. Rxd1 Kxf7 $19 {[%csl Ra2,Rb2,Ge2][%cal Ge2a2] Ftacnik: 'Despite a
displaced black bishop a7 white is utterly lost.' Nach den Vereinfachungen hat
Schwarz zwei Bauern mehr und Gewinnstellung.} 34. Bf1 Rd2 35. Rxd2 (35. Re1
Nxd4 $19) 35... Nxd2 36. Be2 Nc4 37. Bh5+ Kg7 38. Bc1 b3 {[%csl Gb3][%cal
Rb3b2] Der schwarze b-Bauer entscheidet die Partie.} 39. Rf2 b2 40. Bxb2 Rxb2
41. Rf7+ Kh6 42. Bf3 Bb8 0-1

[Event "Olympiad-31"]
[Site "Moscow"]
[Date "1994.12.03"]
[Round "3.1"]
[White "Hansen, Lars Bo"]
[Black "Morozevich, Alexander"]
[Result "1/2-1/2"]
[WhiteElo "2580"]
[BlackElo "2575"]
[Annotator "Ribli,Z"]
[PlyCount "123"]
[EventDate "1994.12.01"]
[EventType "team-swiss"]
[EventRounds "14"]
[EventCountry "RUS"]
[SourceTitle "CBM 045"]
[Source "ChessBase"]
[SourceDate "1995.04.01"]
[SourceVersion "1"]
[SourceVersionDate "1995.04.01"]
[SourceQuality "1"]
[WhiteTeam "Denmark"]
[BlackTeam "Russia II"]
[WhiteTeamCountry "DEN"]
[BlackTeamCountry "RUS"]

1. c4 e5 2. Nc3 Nf6 3. Nf3 Nc6 4. g3 d5 5. cxd5 Nxd5 6. Bg2 Nb6 7. O-O Be7 8.
Rb1 O-O (8... a5 9. b3 $1 O-O 10. Bb2 f5 11. d3 Bf6 12. Nd2 Be6 13. Nc4 $14 {
Timman,J-Short,N/Amsterdam VSB/1994/CBM42/INF60,34/}) 9. b4 a6 (9... Bf5 10. b5
Nd4 11. d3 Re8 12. Bb2 $13 {Oms Pellice,J-Fernanadez Garcia,J/Las Palmas/1993/
INF59,(45)} (12. Bd2 $5 $14)) 10. a3 $5 (10. a4 Nxb4 $5 11. Nxe5 a5 12. d4 c6
13. e4 Be6 $13 {Georgiev,Ki-Morozevich,A/Tilburg/1993/CBM39/INF59,45/}) 10...
Re8 11. d3 Bf8 12. Bb2 a5 (12... Nd4 13. Nd2 c6 14. e3 Nb5 15. Nf3 Nxc3 16.
Bxc3 f6 17. Qc2 $14 {Adorjan,A-Lin Weiguo/Shenzen/1992/CBM31/}) 13. b5 Nd4 14.
Nd2 Rb8 (14... a4 $6 15. e3 Ne6 16. Nf3 Nc5 17. Nxe5 (17. d4 $5) 17... Rxe5 18.
d4 $14) 15. e3 Ne6 16. Nf3 (16. Nc4 $5) 16... f6 17. Qc2 Qd7 (17... Nc5 18. d4
$16) 18. Rbd1 (18. Rfd1 Qf7 19. d4 exd4 20. exd4 c6 21. Bc1 $14) 18... Qf7 19.
d4 exd4 (19... Nc4 $2 20. dxe5 $16) 20. exd4 c6 $5 (20... Nc4 $2 21. d5 Ng5 22.
Nd4 Nxa3 23. Bxa3 Bxa3 24. h4 $18) 21. d5 $6 (21. Nh4 $5) 21... cxd5 22. Nxd5
Nxd5 23. Rxd5 Nc7 24. Rd4 Nxb5 25. Rf4 Qh5 (25... Nxa3 $2 26. Bxa3 Bxa3 27. Ng5
$18) 26. a4 Nd6 27. Nd4 Qf7 28. Nf3 Qg6 (28... Qh5 29. Nd4 $10) 29. Qc7 Be6 (
29... Ra8 30. Ba3 $44) 30. Qxa5 Bf7 (30... Nc4 31. Qb5 Nxb2 32. Qxb2 $10) 31.
Ba1 b6 32. Qd2 (32. Qa6 Rec8 $15) 32... Nc4 33. Qc1 Rbc8 (33... Ba3 34. Qb1 $10
) 34. Bh3 $1 Rc7 35. Bf5 Qh5 36. Bd3 Ne5 $2 (36... Rec8 $10) 37. Bxh7+ $1 Kxh7
38. Qxc7 Nxf3+ 39. Rxf3 Qxf3 (39... Bd5 $4 40. Rf4 Qh3 41. Rh4+ $18) 40. Qxf7
Rd8 41. Qc7 Rd5 42. Qc2+ (42. Qxb6 Rd1 (42... Bc5 43. Qb1+ Kh8 44. Qc2 $16) 43.
Qb5 Rxf1+ 44. Qxf1 Qa3 45. Qb1+ Kg8 $14) 42... f5 43. Qc3 Rd3 44. Qe5 Qg4 45.
Qb5 Rd6 46. Qe8 Kg8 47. Bb2 Qh3 48. Bc1 (48. Ba3 Rh6 (48... Rf6 $2 49. Bxf8
Rxf8 50. Qe6+ Kh7 51. Rc1 $16) 49. Qxf8+ Kh7 50. Rc1 Qxh2+ 51. Kf1 Qh1+ 52. Ke2
Qe4+ 53. Kd2 Qd4+ 54. Kc2 Rc6+ 55. Kb1 (55. Kb3 Qd5+ 56. Kb4 Qa5+ 57. Kb3 Qd5+
$10) 55... Qd3+ 56. Ka1 Qd4+ 57. Ka2 Qd5+ $10) 48... Rf6 49. Bf4 Kh7 50. Bg5
Rg6 51. Qxf8 Rxg5 52. Qa8 f4 $1 53. Qe4+ Rf5 54. Rb1 f3 55. Qh4+ Qxh4 56. gxh4
Rf4 57. h3 Rxa4 58. Rxb6 Rxh4 59. Kh2 Rc4 60. Kg3 Ra4 61. Kxf3 Rc4 62. Kg3
1/2-1/2

[Event "Bermuda-B"]
[Site "Bermuda"]
[Date "2003.02.02"]
[Round "8"]
[White "Dinstuhl, Volkmar"]
[Black "Mulyar, Michael A"]
[Result "1-0"]
[WhiteElo "2416"]
[BlackElo "2446"]
[Annotator "Ribli,Z"]
[PlyCount "73"]
[EventDate "2003.01.25"]
[EventType "tourn"]
[EventRounds "11"]
[EventCountry "BER"]
[EventCategory "10"]
[SourceTitle "CBM 094"]
[Source "ChessBase"]
[SourceDate "2003.05.26"]
[SourceVersion "1"]
[SourceVersionDate "2003.05.26"]
[SourceQuality "1"]

1. c4 e5 2. Nc3 Nf6 3. Nf3 Nc6 4. g3 d5 5. cxd5 Nxd5 6. Bg2 Nb6 7. O-O Be7 8.
d3 O-O 9. a3 Be6 {Das ist die klassische Entwicklung - heutzutage ist die
Variante mit 9...Re8 und 10...Bf8 ist populärer.} 10. b4 a5 11. b5 Nd4 12. Nd2
(12. Bb2 Nb3 (12... Bb3 13. Qc1 Re8 $6 14. Nxd4 exd4 15. Bxb7 Rb8 16. Bc6 dxc3
17. Qxc3 Bf6 18. Qxb3 Rxe2 19. Bxf6 Qxf6 20. Ra2 $16) 13. Rb1 f6 14. Nd2 Nc5
15. a4 Rf7 $13) 12... c6 13. bxc6 (13. a4 Nd5 14. Nxd5 cxd5 15. Bb2 Qb6 $13)
13... Nxc6 {Das ist die "normale" Fortsetzung, aber der riskante Zug 13...bxc6
kommt auch in Betracht.} (13... bxc6 14. e3 Nb5 15. Nxb5 cxb5 16. Bxa8 Qxa8 17.
e4 Na4 $44) 14. Nf3 {Mit diesem Zug bereitet Weiß Be3 vor. Nach meiner
persönlichen Meinung ist der Turmzug 14.Rb1 hier aber die bessere Moeglichkeit
fuer Weiß.} (14. Rb1 Rc8 (14... a4 15. Bxc6 $1 (15. Nc4 Nxc4 16. dxc4 Bxc4 17.
Rxb7 Nd4 18. e3 Bxf1 19. Kxf1 Rc8 20. Nd5 Bg5 21. h4 Qa5 22. Bb2 Qa6+ 23. Kg1
Qxb7 24. Nf6+ Bxf6 25. Bxb7 Rb8 {1/2-1/2 Plachetka,J-Golubovic,B/Leipzig 2002/
CBM 89 (31)}) 15... bxc6 16. Qc2 h5 (16... c5 $6 17. Rd1 Ra6 18. Nc4 $1 Nxc4
19. dxc4 Rd6 20. Rxd6 Qxd6 21. Nxa4 {1-0 Vladimirov,E-Savchenko,S/Helsinki
1992/CBM 32/[Ribli] (31)}) 17. Nf3 Nd7 $6 (17... Bb3 $5 18. Qd2 Nd7 (18... f6
19. Bb2 $11) 19. d4 $11) 18. Nxa4 Bg4 19. Ra1 {1-0 Gulko,B-Kolev,A/Elista 1998/
CBM 66 ext/[Ribli] (37)}) 15. Bb2 Re8 16. Re1 Bf8 17. Na4 Nd5 18. Nc3 Nxc3 19.
Bxc3 Bxa3 20. Qa4 Bf8 21. Rxb7 Bd5 22. Bh3 Be6 23. Bg2 Bd5 24. Bh3 Be6 {
1/2-1/2 Zueger,B-Romanishin,O/Cannes 1998/CBM 63 ext (24)}) (14. Bb2 a4 15. Rc1
Ra5 $15) (14. Na4 Nxa4 15. Qxa4 Nd4 $11 (15... Bd5 $11)) 14... a4 {[%csl Yb3]
Eine logische Reaktion - der Springer kontrolliert nicht mehr das Feld b3, so
dass Schwarz Bb3 vorbereitet.} 15. Be3 Bb3 (15... Nd5 16. Nxd5 Bxd5 17. Qb1 Qd7
18. Rc1 Bf6 19. Bc5 Rfc8 20. e4 Be6 21. Be3 Na5 22. Rxc8+ Rxc8 23. Qb4 Nb3 24.
Rd1 b5 {0-1 Tunik,G-Yakovich,Y/Samara 2000/CBM 78 (49)}) 16. Qd2 Rc8 17. Rfc1
f5 $15 {[%csl Ge5,Gf5][%cal Gf5f4,Gf4e3][%mdl 4] Schwarz hat Raumvorteil und
eine starke Zentrumsstellung. Weiß hat außerdem einige Probleme mit der
Figurenkoordination.} 18. Qb2 Nd7 {Schwarz verhindert das Motiv Bxb6 und Nxa4
und moechte f4 ziehen.} (18... f4 $2 19. Bxb6 Qxb6 20. Nxa4 $18) 19. Nd2 {
[%cal Gd2b3]} (19. Rab1 f4 20. Bd2 Nc5 $15) 19... f4 20. Nxb3 fxe3 21. Nxa4
exf2+ 22. Kh1 Bg5 {[%cal Gg5e3,Gg5c1] Nach einigen Vereinfachungen haben wir
eine Stellung vor uns, wo Schwarz den starken f2-Bauern und Initiative besitzt.
Anderseits ist die weiße Stellung verteidigungsfaehig.} 23. Rf1 Be3 {[%csl Ge3,
Gf2] Schwarz kontrolliert stark die dunkelfarbige Punkten.} 24. Nc3 (24. Rab1
$15) 24... Nd4 25. Nd5 {[%cal Gd5e3][%mdl 256] Auf diese Weise moechte sich
Weiß vom e3-Läufer befreien.} (25. Nxd4 Bxd4 26. Rac1 Kh8 $15) 25... Rc2 {
[%csl Gc2][%cal Rc2b2,Rc2e2]} (25... Qg5 26. Nxe3 Qxe3 27. Nxd4 exd4 28. Qxb7
Nc5 29. Qd5+ $14) 26. Qb1 Rxe2 27. Nxe3 (27. Ra2 Re1 $1 (27... Rxa2 28. Qxa2
Nxb3 29. Nxe3 (29. Qxb3 Nc5 30. Qa2 Bd4 $17 {Interessant, dass der d5N hat
keine guten Abzugsmoeglichkeiten hat.}) 29... Ndc5 30. Bxb7 Kh8 31. Bd5 $13)
28. Rxe1 fxe1=Q+ 29. Qxe1 Nxb3 30. Qxe3 Nd4 $15) 27... Rxe3 28. Nxd4 (28. Bxb7
Qb6 29. Nxd4 Qxd4 $17) 28... exd4 29. Qa2+ {[%cal Ra2g8,Ra2f2] Mit diesem
Schach gewinnt Weiß den f2-Bauern.} Kh8 30. Rxf2 Rxf2 (30... Rxd3 31. Bxb7 Nc5
$15) 31. Qxf2 Rxd3 (31... Nc5 32. Qf5 Nxd3 33. Bxb7 g6 $11) 32. Bxb7 Nc5 (32...
Qc7) 33. Bg2 $11 {Es scheint, dass Schwarz wegen seiner aktiven
Figurenstellung im Zentrum etwas aktiver steht. Jedoch hat auch Weiß seine
Chancen - der a3P ist eine potentielle Gefahr und Weiß hat einige Initiative
am Koenigsfluegel.} Rc3 (33... Qf6 34. Qxf6 gxf6 35. a4 Rc3 $11 {[%cal Gd4d3]})
(33... h6) 34. Qf7 $1 Nd3 (34... h6) 35. Rf1 {[%cal Rf1f8,Rf8h8] Ploetzlich
hat Weiß Angriff.} Rc8 (35... h6 36. Be4 $18) (35... g6 $11) 36. Qf5 $1 $16 {
[%csl Rd3,Gf1,Gf5]} Nc5 $2 (36... Nb2 $8 37. Bb7 (37. Be4 Qg8 38. Bd5 Qe8 39.
Rf4 $36) 37... Rb8 38. Qb5 {[%csl Rb2]} Qe7 (38... Nd3 39. Qxd3 Rxb7 40. Qxd4
$16) 39. Qxb2 Rxb7 40. Qxd4 $16) 37. Bh3 $18 {[%csl Rc5][%cal Rh3c8]} 1-0

[Event "Abu Dhabi op 13th"]
[Site "Abu Dhabi"]
[Date "2003.08.22"]
[Round "6"]
[White "Vakhidov, Tahir"]
[Black "Murshed, Niaz"]
[Result "1-0"]
[WhiteElo "2528"]
[BlackElo "2443"]
[Annotator "Ribli,Z"]
[PlyCount "71"]
[EventDate "2003.08.16"]
[EventType "swiss"]
[EventRounds "9"]
[EventCountry "UAE"]
[SourceTitle "CBM 097"]
[Source "ChessBase"]
[SourceDate "2003.11.11"]
[SourceVersion "1"]
[SourceVersionDate "2003.11.11"]
[SourceQuality "1"]

1. c4 e5 2. Nc3 Nf6 3. g3 d5 4. cxd5 Nxd5 5. Bg2 Nb6 6. Nf3 Nc6 {Diese
Variante ist heutzutage sehr populär. Das ist eigentlich eine Drachenvariante
der Sizilianische Eröffnung, aber mit umgekehrten Farben.} 7. d3 Be7 8. a3 O-O
9. O-O Be6 10. b4 f6 {Mit diesem Zug sichert sich Schwarz den e5-Bauern. Die
Alternativen sind 10...a5 und 10...Nd4.} 11. Bb2 Rb8 {Schwarz verteidigt
vorher den b7-Bauern, aber der Textzug scheint etwas passiv zu sein. Die
Alternativen führen zu einem unklaren Kampf.} (11... Qd7 $5) (11... a5 $5) 12.
b5 {Weiß gewinnt Raum am Damenflügel und er bekommt dort Initiative, besonders
mit Unterstützung des g2-Läufers.} (12. Rc1 a6 13. Na4 Nxa4 14. Qxa4 Qe8 15.
Qc2 Qh5 16. d4 exd4 17. Nxd4 Nxd4 18. Bxd4 Bd6 19. e3 {1-0 Roush,J-Pettersson,
L/Philadelphia 1990/EXT 97 (46)}) 12... Nd4 (12... Na5 13. Nd2 $14) 13. Nd2 Rf7
(13... c6 14. a4 $14) 14. e3 {Weiß verjagt den Springer von d4 und beginnt
aktives Spiel am Damenflügel.} Nf5 15. Qc2 $14 {[%csl Gb2,Rb6,Rf5,Gg2][%mdl 4]
Weiß hat die etwas besseren Chancen nach der Eröffnung, während die schwarze
Figurenkoordination schlecht ist und Weiß zwei gute Läufer auf den großen
Diagonalen hat und Raumvorteil besitzt.} Bf8 {[%cal Gf7d7,Gd8d2]} 16. Rfd1 (16.
a4 $5 Rd7 17. a5 Nc8 (17... Rxd3 18. Ncb1 Nc8 19. Be4 $16) 18. Nb3 $14 Rxd3 $2
19. Be4 $18) 16... Rd7 17. Nb3 {[%cal Gb3a5] Weiß verteidigt den d3-Bauern und
bereitet 18.Na5 vor.} Qe7 {[%cal Ge7f7,Gf7b3]} 18. Na5 {[%cal Ra5b7,Rg2b7]} (
18. a4 Qf7 19. Nd2 $11) 18... Nd6 19. a4 Qf7 $11 {[%csl Ra5] Schwarz hat eine
feste Stellung und kontrolliert die wichtigsten Punkte, weil die Zukunft des
a5-Springers fraglich ist.} 20. Qe2 f5 (20... Qg6 $11 {[%cal Ge6g4,Gg4d1]}) 21.
Rac1 (21. f4 $5 exf4 22. gxf4 Be7 {[%cal Ge7f6,Gf6a1]} 23. Bf3 Bf6 24. Qg2 $14)
21... Be7 22. Ba1 Bg5 {Schwarz provoziert den Zug 23.f4 und wenn das kommt
nicht, er kann selbst f5-f4 ziehen.} (22... Bf6 $5 $11) 23. Kh1 (23. f4 exf4
24. gxf4 Bf6 $11) 23... f4 {22...Bg5 wäre die konsequente Fortsetzung, aber
dann erhält Weiß die Kontrolle über das e4-Feld. Deshalb glaube ich, dass das
ganze schwarze Spiel mit f5-f4 weniger gut ist.} 24. Ne4 Nxe4 25. Bxe4 {
[%csl Ye4]} Bd5 $6 {Schwarz opfert einen Bauern für taktische Gegenchancen,
aber - nach meiner Meinung - bekommt er dafür keine ausreichende Kompensation.}
(25... fxg3 26. hxg3 $14) 26. Bxe5 f3 27. Qf1 $6 (27. Qc2 $5 $16) 27... Bxe4
28. dxe4 Re8 (28... Re7 29. Bd4 Nxa4 30. Qc4 $14) 29. Bd4 $6 (29. Rxd7 Nxd7 30.
Bxc7 Rxe4 31. Nxb7 $16) 29... Rxe4 30. Nc4 $2 (30. Rc5 Bf6 31. Bxf6 Rxd1 32.
Qxd1 Qxf6 33. Rxc7 Rxa4 34. Nxb7 Ra1 35. Rc1 Rxc1 36. Qxc1 Qf5 37. Nd6 Qd5 $11)
30... Rd8 $2 (30... Rdxd4 $142 $1 31. exd4 (31. Rxd4 Rxd4 32. Nxb6 axb6 33.
exd4 Bxc1 34. Qxc1 Qa2 35. Kg1 Qxa4 $17) 31... Bxc1 32. Rxc1 (32. Nxb6 Bb2 33.
Nc4 Bxd4 $17) 32... Nxc4 33. Rxc4 Qd7 $17 34. Qd1 $4 Qh3 35. Qg1 Re1 $19) 31.
Ne5 Qf5 (31... Qf8 32. a5 (32. Rxc7 Qd6 33. Rc5 $16) 32... Nd5 33. Qh3 $1 Re8
34. Qd7 $18) 32. g4 $16 {Mit diesem Zug gewinnt Weiß eigentlich den wichtigen
f3-Bauern.} Qe6 33. Nxf3 Rxg4 $2 {[%mdl 8192] Ein Fehler in schlechter
Stellung, wonach Schwarz sofort verliert, aber guter Rat war schon teuer.} (
33... Bf6 34. Bxb6 Rxd1 35. Qxd1 cxb6 36. g5 Be7 37. Rc7 $16) (33... Qxg4 34.
Nxg5 Qxg5 35. Rxc7 $16) 34. Nxg5 (34. h3 $18) 34... Rxg5 35. Bxb6 $18 Rf8 (
35... Rxd1 36. Qxd1 axb6 (36... Qe4+ 37. f3 $18) 37. Qd8+ $18 {[%cal Rd8g8,
Rd8g5]}) 36. Bxc7 1-0

[Event "Munich SKA"]
[Site "Munich"]
[Date "1993.??.??"]
[Round "1"]
[White "Gurevich, Mikhail"]
[Black "Adams, Michael"]
[Result "1-0"]
[WhiteElo "2610"]
[BlackElo "2630"]
[Annotator "Ribli,Z"]
[PlyCount "213"]
[EventDate "1993.05.??"]
[EventType "tourn"]
[EventRounds "11"]
[EventCountry "GER"]
[EventCategory "16"]
[SourceTitle "CBM 036"]
[Source "ChessBase"]
[SourceDate "1993.10.01"]
[SourceVersion "1"]
[SourceVersionDate "1993.10.01"]
[SourceQuality "1"]

1. c4 Nf6 2. Nc3 e5 3. Nf3 Nc6 4. g3 Bb4 5. Nd5 e4 6. Nh4 d6 7. Nxb4 Nxb4 8. a3
$1 (8. d3 $2 $15 {Kortschnoj,V-Adams,M/Wijk-op/1993/CBM34/56,(40)/}) 8... Nc6
9. d3 exd3 10. Qxd3 O-O 11. Bg2 Re8 12. O-O Bg4 13. e4 (13. Re1 $5) 13... Nd7
14. Bd2 (14. Be3 $5 Nc5 15. Qc2 a5 16. h3 Be6 17. b3 a4 18. b4 Nb3 19. Rad1 $14
) 14... Nc5 15. Qc3 Be2 16. Rfe1 Nxe4 17. Bxe4 Rxe4 18. f3 Rxc4 (18... Re6 19.
Be3 $18) 19. Qe3 Rxh4 20. gxh4 Bc4 21. Qf4 $1 d5 (21... Be6 22. Bc3 Qf8 23. Kh1
$36) 22. Bc3 Bb3 23. Re2 d4 24. Rd2 Bd5 25. Bxd4 Nxd4 26. Qxd4 $14 c6 27. Re1
h5 28. Kf2 Qd7 29. Qe5 Qh3 30. Qg3 Qf5 31. Re5 Qf6 32. Rxh5 Re8 33. Rg5 Qh6 34.
Qf4 Qe6 35. Rg1 f6 36. h5 Kf7 37. Rc2 Qe5 (37... a6 $5) 38. Qxe5 Rxe5 39. h6 $1
gxh6 40. Re2 Rh5 $1 41. Rh1 Rh3 42. Re3 a5 43. Kg2 Rh4 44. Rd1 b5 45. Kg3 Rc4
46. Rc3 Ra4 47. Rd2 Kg6 48. Rc5 Kf7 49. Rc1 Kg6 50. Rdd1 Kf5 51. Rd3 Kg6 52.
Rd2 Kf7 53. h3 Kg6 54. Rc3 Kg5 55. Rcd3 Rf4 56. Rc2 h5 (56... Ra4 $5) 57. Rc5
h4+ 58. Kf2 f5 59. b3 Kf6 60. Rc1 Ke5 61. Re1+ Kf6 62. Re8 Be4 63. Re3 Bd5 64.
Ra8 Rd4 65. Ke2 (65. Rxa5 Rd2+ 66. Kg1 Kg5 $36) 65... a4 66. bxa4 bxa4 67. Rc3
Kg5 68. Rh8 Rf4 69. Kf2 Kf6 (69... Rd4 $5) 70. Re8 Kg5 71. Re1 Kf6 72. Rf1 $1
Ke5 73. Ke3 Bc4 (73... Rd4 74. f4+ $18) 74. Rf2 Rd4 75. Rfc2 Kd5 76. Kf2 Kc5
77. Ke3 Kd5 78. Rc1 Kc5 79. Kf2 Rd2+ 80. Ke3 Rd4 81. R3c2 Kd5 82. Kf2 Kc5 83.
Rb1 Kd5 84. Rb8 c5 85. Ra8 Rd3 86. Rd8+ Kc6 87. Rxd3 Bxd3 88. Rd2 c4 89. Ke3
Kc5 90. f4 $1 Bf1 91. Rd1 Bxh3 (91... Bd3 92. Rg1 $18) 92. Rh1 Bg2 93. Rxh4 c3
94. Rh8 Kc4 95. Rb8 $1 c2 96. Kd2 c1=Q+ 97. Kxc1 Kd3 98. Rb5 Be4 99. Ra5 Ke3
100. Rxa4 Kxf4 101. Kd2 Ke5 102. Rb4 Kd6 103. a4 Kc7 104. a5 Bb7 105. Ke3 Ba6
106. Kf4 Bc8 107. Ke5 1-0